000
00251nam a2200109 a 4500
008
110426s2004|||| d
245
1
0
_a
Slovensko nemecký slovník
260
_b
Topas
_a
Bratislava
_c
2004
020
_c
139
044
_a
GE
041
_a
gem
999
_c
19180
_d
19180